00946naa a22002657a 4500001001000000003000900010005001700019007000300036008003400039040005400073041000900127072000800136090001800144100002500162100002100187245011300208260003800321500008900359650001600448650001400464909003600478942001400514999001900528952013300547BR6008704BR-BrBNA20240918181902.0ta230509b bl.||||| |||| 00| 0 por d aBR-BrBNAbporcBiblioteca Nacional de Agricultura a(Pt) aH20 aH20 BR60087041 aBonatelli Junior, R.1 aAzevedo, J.L. de1 aAcao de fungicidas e do brometo de etidio sobre linhagens com duplicacao e diploides de aspergillus nidulans3 aPiracicaba, SP (Brasil): c1976.  aRelatorio cientifico 1975 Piracicaba, SP (Brasil): 1976. p. 41-44 (BR6008704-AM)H20  aAspergilose aFungicida a202404bLuciac55dLucia Elande cAM2AGRIS c327374d327374 002AGRIS40708Acervo Gerala41918b41918cAgrobasel0r2024-05-20t01yAM10d2024-04-11ePortaria Interministerial nÂș 164/94